000 00304nam a22001337a 4500
008 170215b xxu||||| |||| 00| 0 eng d
020 _a9781455708437
041 _aeng
080 _229TH
_a61
100 _a4
101 _aSHM
245 _aDORLAND'S POCKET MEDICAL DICTIONARY
_cDORLAND
942 _2udc
_cBK
999 _c5608
_d5608